000 00855nam0a22002651 4500
001 rc\91891
005 20021216132309.3
010 _a5-900797-02-3
_bИЧП "Энтроп"
_920000
035 _a(NLR Aleph) 005357880
090 _a6866528
_c6866528
100 _a20021216d1995 u |0rusy50 ca
101 0 _arus
102 _aRU
105 _ay |||||||||
200 1 _aСамоучитель по системным функциям MS-DOS
205 _a[2-е изд., перераб. и доп.]
210 _aМ.
_cРадио и связь
_cИЧП "Энтроп"
_d1995
215 _a382 с.
_d21
320 _aБиблиогр.: с. 379 (12 назв.)
700 1 _aФиногенов
_bК. Г.
_gКирилл Григорьевич
801 0 _aRU
_bNLR
_gpsbo
801 1 _aRU
_bELAR
_2rusmarc
852 _aNLR
_j95-3/4653
942 _cBOOK
980 _aNB